|
|
|
|
| LEADER |
00000nam#a22000001ab4500 |
| 001 |
00009367 |
| 003 |
AR-BaUAD |
| 005 |
20230908140740.0 |
| 008 |
940615s1965####ag#a|||##||||||||#||spa|d |
| 040 |
|
|
|a AR-BaUAD
|b spa
|c AR-BaUAD
|
| 041 |
|
|
|a spa
|
| 044 |
|
|
|c ar
|2 ISO3166-1
|
| 100 |
1 |
|
|a Arcangeli, Attilio
|
| 245 |
1 |
3 |
|a La estructura en la arquitectura moderna ... /
|c tr. por el arq. Luis C. Curcio
|
| 260 |
|
|
|a [Buenos Aires] :
|b Eudeba,
|c c1965
|
| 300 |
|
|
|a 391 p. :
|b il., diagrs., tablas
|
| 490 |
|
|
|a Manuales de Eudeba. Arquitectura
|
| 500 |
|
|
|a Tít. orig.: La struttura nell'architettura moderna.
|
| 504 |
|
|
|a Bibliografía: p. 376-84.
|
| 653 |
|
|
|a ESTRUCTURAS
|
| 655 |
|
|
|a TEXTO
|
| 852 |
|
|
|c 46-1
|
| 852 |
|
|
|c D 4-5
|
| 952 |
|
|
|0 0
|1 0
|4 0
|6 461
|7 0
|9 14288
|a AR-BaUAD
|b AR-BaUAD
|d 0000-00-00
|e donac.
|g 480.00
|i 9367
|l 0
|o 46-1
|p p9xsm9367
|r 2023-09-08 14:07:39
|w 2023-09-08
|y BK
|
| 952 |
|
|
|0 0
|1 0
|4 0
|6 D_45
|7 0
|9 14289
|a AR-BaUAD
|b AR-BaUAD
|d 0000-00-00
|e donac.
|g 910.00
|i p.11-295
|l 0
|o D 4-5
|p y1sd7p.11-295
|r 2023-09-08 14:07:39
|w 2023-09-08
|y BK
|
| 952 |
|
|
|0 0
|1 0
|4 0
|7 0
|9 14290
|a AR-BaUAD
|b AR-BaUAD
|d 0000-00-00
|e compra Concentra
|g 800.00
|i p.10-262
|l 0
|p zq2o9p.10-262
|r 2023-09-08 14:07:39
|w 2023-09-08
|y BK
|
| 952 |
|
|
|0 0
|1 0
|4 0
|7 0
|9 14291
|a AR-BaUAD
|b AR-BaUAD
|d 2023-09-08
|i p.10-263
|l 0
|p dxzmrp.10-263
|r 2023-09-08 14:07:39
|w 2023-09-08
|y BK
|
| 952 |
|
|
|0 0
|1 0
|4 0
|7 0
|9 14292
|a AR-BaUAD
|b AR-BaUAD
|d 0000-00-00
|e donac. Eudeba
|i p.2-48
|l 0
|p s45a0p.2-48
|r 2023-09-08 14:07:39
|w 2023-09-08
|y BK
|
| 952 |
|
|
|0 0
|1 0
|4 0
|7 0
|9 14293
|a AR-BaUAD
|b AR-BaUAD
|d 2023-09-08
|i p.2-49
|l 0
|p w5a4gp.2-49
|r 2023-09-08 14:07:39
|w 2023-09-08
|y BK
|
| 952 |
|
|
|0 0
|1 0
|4 0
|7 0
|9 14294
|a AR-BaUAD
|b AR-BaUAD
|d 2023-09-08
|i p.2-50
|l 0
|p 2y03vp.2-50
|r 2023-09-08 14:07:39
|w 2023-09-08
|y BK
|
| 952 |
|
|
|0 0
|1 0
|4 0
|7 0
|9 14295
|a AR-BaUAD
|b AR-BaUAD
|d 0000-00-00
|e donac. Eudeba
|g 1500.00
|i p.4-100
|l 0
|p 8ceakp.4-100
|r 2023-09-08 14:07:39
|w 2023-09-08
|y BK
|
| 952 |
|
|
|0 0
|1 0
|4 0
|7 0
|9 14296
|a AR-BaUAD
|b AR-BaUAD
|d 2023-09-08
|i p.4-101
|l 0
|p hpmlwp.4-101
|r 2023-09-08 14:07:39
|w 2023-09-08
|y BK
|
| 952 |
|
|
|0 0
|1 0
|4 0
|7 0
|9 14297
|a AR-BaUAD
|b AR-BaUAD
|d 2023-09-08
|i p.4-102
|l 0
|p 30fiop.4-102
|r 2023-09-08 14:07:39
|w 2023-09-08
|y BK
|
| 952 |
|
|
|0 0
|1 0
|4 0
|7 0
|9 14298
|a AR-BaUAD
|b AR-BaUAD
|d 2023-09-08
|i p.4-103
|l 0
|p 5k7fbp.4-103
|r 2023-09-08 14:07:40
|w 2023-09-08
|y BK
|
| 952 |
|
|
|0 0
|1 0
|4 0
|7 0
|9 14299
|a AR-BaUAD
|b AR-BaUAD
|d 0000-00-00
|e donac. ABAU
|i p.14-379
|l 0
|p djcwkp.14-379
|r 2023-09-08 14:07:40
|w 2023-09-08
|y BK
|
| 952 |
|
|
|0 0
|1 0
|4 0
|7 0
|9 14300
|a AR-BaUAD
|b AR-BaUAD
|d 0000-00-00
|e donac. Anónima
|g 10.00
|i 5149 Reemplaza a la obra "Gli af
|l 0
|p gn5o65149 Reemplaza
|r 2023-09-08 14:07:40
|w 2023-09-08
|y BK
|
| 990 |
|
|
|a Ej. No1 : 9367 . 18/3/1966 -- donac. (480 pesos).
|b ADM
|
| 990 |
|
|
|a Ej. No2 : p.11-295 . 9/8/1967 -- donac. (910 pesos).
|b ADM
|
| 990 |
|
|
|a Ej. No3 : p.10-262 . 30/12/1969 -- compra Concentra -- (800 pesos).
|b ADM
|
| 990 |
|
|
|a Ej. No4 : p.10-263 .
|b ADM
|
| 990 |
|
|
|a Ej. No5 : p.2-48 . 20/1/1972 -- donac. Eudeba -- (13,20 pesos).
|b ADM
|
| 990 |
|
|
|a Ej. No6 : p.2-49 .
|b ADM
|
| 990 |
|
|
|a Ej. No7 : p.2-50 .
|b ADM
|
| 990 |
|
|
|a Ej. No8 : p.4-100 . 26/12/1977 -- donac. Eudeba -- (1500 pesos).
|b ADM
|
| 990 |
|
|
|a Ej. No9 : p.4-101 .
|b ADM
|
| 990 |
|
|
|a Ej. No10 : p.4-102 .
|b ADM
|
| 990 |
|
|
|a Ej. No11 : p.4-103 .
|b ADM
|
| 990 |
|
|
|a Ej. No12 : p.14-379 . 27/11/1984 -- donac. ABAU -- (a220 pesos). (a220 australes).
|b ADM
|
| 990 |
|
|
|a Ej. No13 : 5149 Reemplaza a la obra "Gli afreschi di Giotto nella capella degli scrovegni / Marangoni, Mateo. Dada de baja . 8/4/2002 -- donac. Anónima -- (10 pesos).
|b ADM
|
| 990 |
|
|
|a CO196
|b TD
|
| 990 |
|
|
|a AAQ00009367
|b CC
|
| 998 |
|
|
|a AAQ
|b Bibun 76
|
| 942 |
|
|
|c BK
|
| 999 |
|
|
|c 6184
|d 6184
|